000 00893cam a2200277 i 4500
999 _c127071
_d127071
001 4178279
003 ARRUPE
005 20171016113345.0
008 790604s1978 enk b 001 0 eng
010 _a 79303373
015 _aGB78-33205
020 _a0140422277 :
_c£2.95
040 _aDLC
_cDLC
_dDLC
050 0 0 _aPR2400.A5
_bR4 1978
082 0 0 _a821/.2
_219
100 1 _aWyatt, Thomas,
_cSir,
_936965
245 0 4 _aThe complete poems /
_cSir Thomas Wyatt ; edited by R. A. Rebholz.
260 _aHarmondsworth ;
_aNew York [etc.] :
_bPenguin books,
_c1978.
300 _a558 p. ;
_c19 cm.
490 0 _aPenguin English poets
700 1 _aRebholz, R. A.
_q(Ronald A.)
_936966
_eed.
906 _a7
_bcbc
_corignew
_d3
_encip
_f19
_gy-gencatlg
942 _2lcc
_cMONOGRAPH